00314nam a2200121Ia 4500008004100000041000800041082001200049100001700061245003600078260004300114300002400157365001100181240624s9999 xx 000 0 und d aeng a954 NAR aNARAIN KIRTI a1857 REVISITED MYTH AND REALITY c2008aMumbaibHimalaya Books Pvt. Ltd. a293 : p. : cm. ; 22 cRSb25